Part Of Me - Katy Perry (All Lyrics) - Statistics

General Stats
  • This quiz has been taken 472 times
  • The average score is 300 of 384
Answer Stats
Lyrics % Correct
I
99%
me
99%
me.
99%
me,
99%
of
99%
part
99%
A
98%
a
98%
this,
98%
this
98%
This
98%
You
98%
you
98%
is
96%
never
96%
the
96%
that
95%
away.
92%
away
92%
Away
92%
ever
92%
from
92%
take
90%
your
89%
gonna
87%
No!
84%
and
83%
you're
82%
my
80%
to
76%
So
73%
at
70%
But
70%
now.
70%
Now
70%
look
69%
like
68%
Like
68%
break
67%
not
67%
sticks
66%
want
66%
was
65%
Was
65%
stones.
64%
in
62%
In
62%
soul.
62%
who
62%
then
61%
for
60%
Days
59%
down.
59%
out.
59%
out
59%
drive
58%
Throw
56%
throw
56%
there
54%
up
54%
just
53%
bags
50%
Find
50%
Pack
50%
wanna
50%
I'm
49%
phone
49%
really
49%
love
47%
mouth.
47%
poison
46%
watch
45%
took
42%
can
40%
fade.
39%
Yeah,
39%
yeah,
39%
shadow
38%
spit
37%
let
36%
It
35%
put
35%
bombs
33%
cheap.
33%
sparkling.
32%
blows.
30%
chewed
30%
always
29%
diamond
29%
don't
29%
except
28%
ring.
28%
again.
27%
flame.
27%
keep
27%
off,
26%
dancing
25%
deep,
24%
glowing.
24%
everything.
23%
firework,
23%
won't
23%
anyway.
21%
seams.
21%
fell
20%
light,
20%
mean
20%
nothing
19%
ripped
19%
tearin'
19%
fact,
18%
drained
15%
drown.
15%
No matching quizzes found
Score Distribution
Percent of People with Each Score
Percentile by Number Answered
Your Score History
You have not taken this quiz